000 00227nam a22001097a 4500
003 OSt
008 231011b |||||||| |||| 00| 0 eng d
041 _amal
082 _a894.812308
_bKOV/EZ
245 _aEzhamedangal
942 _cBK
999 _c17735
_d17735